[Event "LSS SA-2021-0-00754"]
[Site "LSS email"]
[Date "2021.03.26"]
[Round "?"]
[White "Cleto Junior, Dirceu"]
[Black "Francovig, Hector"]
[Result "1/2-1/2"]
[WhiteElo "2067"]
[BlackElo "2156"]
[PlyCount "40"]
[EventDate "2021.02.22"]
[EventType "tourn (corr)"]
[EventRounds "6"]
[EventCountry "GER"]
[SourceTitle "Corr 2024"]
[Source "ChessBase"]
[SourceDate "2023.10.19"]
[SourceVersion "1"]
[SourceVersionDate "2023.10.19"]
[SourceQuality "1"]

1. e4 c6 2. d4 g6 3. Bd3 Bg7 4. Nf3 d6 5. 0-0 Nf6 6. Bf4 0-0 7. h3 Nbd7 8. Bh2 c5 9. c3 cxd4 10. cxd4 a6 11. Nbd2 b5 12. a4 bxa4 13. Qxa4 a5 14. Rfc1 Bh6 15. g4 Nb6 16. Qc6 Bd7 17. Qc3 Bg7 18. Qa3 a4 19. Bg3 h6 20. Re1 Be6 1/2-1/2

[Event "LSS SA-2021-0-00754"]
[Site "LSS email"]
[Date "2021.03.26"]
[Round "?"]
[White "Francovig, Hector"]
[Black "Lombart, Philippe"]
[Result "1/2-1/2"]
[WhiteElo "2156"]
[BlackElo "2091"]
[PlyCount "29"]
[EventDate "2021.02.22"]
[EventType "tourn (corr)"]
[EventRounds "6"]
[EventCountry "GER"]
[SourceTitle "Corr 2024"]
[Source "ChessBase"]
[SourceDate "2023.10.19"]
[SourceVersion "1"]
[SourceVersionDate "2023.10.19"]
[SourceQuality "1"]

1. d4 d5 2. c4 e6 3. Nc3 Bb4 4. a3 Bxc3+ 5. bxc3 Nf6 6. cxd5 exd5 7. e3 0-0 8. f3 c5 9. Bd3 b6 10. Ne2 Ba6 11. Bc2 Nc6 12. 0-0 Re8 13. Rf2 Rc8 14. Ng3 h5 15. dxc5 1/2-1/2

[Event "SA-2020-0-00731"]
[Site "LSS email"]
[Date "2020.08.16"]
[Round "?"]
[White "Francovig, Hector"]
[Black "Morcin, Tom"]
[Result "0-1"]
[WhiteElo "2159"]
[BlackElo "2126"]
[PlyCount "62"]
[EventDate "2020.07.16"]
[EventType "tourn (corr)"]
[EventRounds "6"]
[EventCountry "GER"]
[SourceTitle "Corr 2022"]
[Source "ChessBase"]
[SourceDate "2021.10.24"]
[SourceVersion "1"]
[SourceVersionDate "2021.10.24"]
[SourceQuality "1"]

1. d4 Nf6 2. c4 e6 3. Nc3 Bb4 4. e3 0-0 5. Bd3 d5 6. Nf3 dxc4 7. Bxc4 c5 8. 0-0 cxd4 9. exd4 b6 10. Bg5 Bb7 11. Re1 Nbd7 12. Qe2 h6 13. d5 exd5 14. Bxf6 Nxf6 15. Bb3 Rc8 16. Qe5 a5 17. Rac1 b5 18. a3 Re8 19. Qd4 Rxe1+ 20. Rxe1 Bc5 21. Qf4 a4 22. Bc2 Qb6 23. Ne5 Bd6 24. Qf5 Re8 25. Nd3 Rxe1+ 26. Nxe1 b4 27. Nxa4 Qc7 28. h3 b3 29. Bd1 Ne4 30. Nd3 g6 31. Qf3 d4 0-1

[Event "SA-2019-0-00679"]
[Site "LSS email"]
[Date "2019.04.18"]
[Round "?"]
[White "Pupo Perez, Hector"]
[Black "Francovig, Hector"]
[Result "1/2-1/2"]
[WhiteElo "2243"]
[BlackElo "2156"]
[PlyCount "48"]
[EventDate "2019.03.18"]
[EventType "tourn (corr)"]
[EventRounds "6"]
[EventCountry "GER"]
[SourceTitle "Corr 2022"]
[Source "ChessBase"]
[SourceDate "2021.10.24"]
[SourceVersion "1"]
[SourceVersionDate "2021.10.24"]
[SourceQuality "1"]

1. d4 Nf6 2. c4 Nc6 3. Nf3 e6 4. a3 d6 5. Nc3 g6 6. e4 Bg7 7. h3 0-0 8. Bg5 h6 9. Be3 e5 10. d5 Nd4 11. Nxd4 exd4 12. Qxd4 Ng4 13. Qd2 Nxe3 14. Qxe3 Bd7 15. Bd3 c5 16. Qg3 Be5 17. f4 Bd4 18. 0-0-0 Qf6 19. Bc2 Rfe8 20. Rhf1 Qg7 21. e5 Rad8 22. Ne2 dxe5 23. Nxd4 exd4 24. f5 Bxf5 1/2-1/2

[Event "SA-2019-0-00679"]
[Site "LSS email"]
[Date "2019.04.18"]
[Round "?"]
[White "Vieth, Martin"]
[Black "Francovig, Hector"]
[Result "1/2-1/2"]
[WhiteElo "2035"]
[BlackElo "2156"]
[PlyCount "33"]
[EventDate "2019.03.18"]
[EventType "tourn (corr)"]
[EventRounds "6"]
[EventCountry "GER"]
[SourceTitle "Corr 2022"]
[Source "ChessBase"]
[SourceDate "2021.10.24"]
[SourceVersion "1"]
[SourceVersionDate "2021.10.24"]
[SourceQuality "1"]

1. e4 e5 2. Nf3 Nc6 3. d4 exd4 4. Nxd4 Nf6 5. Nc3 Bb4 6. Nxc6 bxc6 7. Bd3 d5 8. exd5 0-0 9. 0-0 cxd5 10. h3 c6 11. Qf3 Re8 12. Bf4 Bxc3 13. bxc3 Ne4 14. Rfe1 Qf6 15. Bxe4 Rxe4 16. Rxe4 dxe4 17. Qg3 1/2-1/2

[Event "SA-2015-0-00491"]
[Site "LSS email"]
[Date "2015.10.05"]
[Round "?"]
[White "Peraza Balleste, Orlando"]
[Black "Francovig, Hector"]
[Result "1/2-1/2"]
[WhiteElo "2000"]
[BlackElo "2156"]
[PlyCount "44"]
[EventDate "2015.09.08"]
[EventType "tourn (corr)"]
[EventRounds "6"]
[EventCountry "GER"]
[SourceTitle "Corr 2022"]
[Source "ChessBase"]
[SourceDate "2021.10.24"]
[SourceVersion "1"]
[SourceVersionDate "2021.10.24"]
[SourceQuality "1"]

1. d4 d6 2. c4 e5 3. Nf3 e4 4. Ng5 f5 5. Nh3 Be7 6. Nc3 Nf6 7. e3 c6 8. Be2 0-0 9. 0-0 Na6 10. Bd2 Nc7 11. f3 d5 12. cxd5 Ncxd5 13. fxe4 Nxc3 14. bxc3 Nxe4 15. Bc4+ Kh8 16. Bd3 Nxd2 17. Qxd2 Bd6 18. Rf3 g5 19. Rff1 h6 20. Qe2 c5 21. Qh5 Kg7 22. Nf2 Qe8 1/2-1/2

[Event "SA-2014-0-00429"]
[Site "LSS email"]
[Date "2014.09.03"]
[Round "?"]
[White "Francovig, Hector"]
[Black "Svrsek, Radomir Jr"]
[Result "1/2-1/2"]
[WhiteElo "2156"]
[BlackElo "2003"]
[PlyCount "40"]
[EventDate "2014.08.19"]
[EventType "tourn (corr)"]
[EventRounds "6"]
[EventCountry "GER"]
[SourceTitle "Corr 2015"]
[Source "ChessBase"]
[SourceDate "2015.07.17"]
[SourceVersion "1"]
[SourceVersionDate "2015.07.17"]
[SourceQuality "1"]

1. d4 Nf6 2. c4 e6 3. g3 d5 4. Bg2 dxc4 5. Qa4+ Nbd7 6. Qxc4 a6 7. Qc2 c5 8. Nf3 b6 9. Ne5 Nd5 10. Nc6 Qc7 11. e4 N5f6 12. d5 Bd6 13. 0-0 Bb7 14. Nd2 e5 15. Nc4 Bxc6 16. dxc6 Qxc6 17. Rd1 Bc7 18. b3 0-0 19. Bb2 a5 20. Rd2 b5 1/2-1/2

[Event "SA-2013-0-00334"]
[Site "LSS email"]
[Date "2013.03.02"]
[Round "?"]
[White "Silva Filho, Alcindo Luz Bastos"]
[Black "Francovig, Hector"]
[Result "0-1"]
[WhiteElo "2032"]
[BlackElo "2178"]
[PlyCount "90"]
[EventDate "2013.02.05"]
[EventType "tourn (corr)"]
[EventRounds "6"]
[EventCountry "GER"]
[SourceTitle "Telechess CBM 163"]
[Source "ChessBase"]
[SourceDate "2014.11.11"]
[SourceVersion "2"]
[SourceVersionDate "2014.11.11"]
[SourceQuality "1"]

1. e4 c6 2. d4 d5 3. e5 c5 4. dxc5 Nc6 5. Bb5 e6 6. Qg4 h5 7. Bxc6+ bxc6 8. Qa4 Qc7 9. Be3 Rb8 10. b4 Qxe5 11. c3 Qc7 12. Nf3 Ne7 13. 0-0 e5 14. Re1 f6 15. Nbd2 Kf7 16. Nb3 Bg4 17. Nfd2 g5 18. Qa6 Bd7 19. Qe2 Nf5 20. Nf1 g4 21. a3 h4 22. Rad1 Re8 23. Qa6 Be7 24. Rd2 Reg8 25. Na5 Rg6 26. Rde2 Nxe3 27. fxe3 f5 28. Nb3 Bc8 29. Qa4 Kg7 30. c4 dxc4 31. Na5 Ba6 32. Nd2 g3 33. h3 c3 34. Ndc4 e4 35. Qc2 Bf6 36. Rd1 Rd8 37. Nd6 Bxe2 38. Qxe2 Rg5 39. Nac4 Qd7 40. Qc2 Kh7 41. Na5 Bg7 42. Nab7 Rf8 43. Na5 Rg6 44. Qc1 f4 45. exf4 e3 0-1